Il vescovo di Roma
Gespeichert in:
| 1. Verfasser: | |
|---|---|
| Format: | Buch |
| Sprache: | Italienisch |
| Veröffentlicht: |
Brescia
Queriniana
1985
|
| Schriftenreihe: | <la >biblioteca di teologia contemporanea, 47
|
| Schlagworte: | |
| Tags: |
Tag hinzufügen
Keine Tags, Fügen Sie den ersten Tag hinzu!
|
MARC
| LEADER | 00000nam a2200000 a 4500 | ||
|---|---|---|---|
| 001 | UCQ1653 | ||
| 003 | CL-VaPUC | ||
| 008 | 980721e19850000IT |||||||||||||||||ita|d | ||
| 082 | 0 | 4 | |a 262.13 |b TIL |2 21 |
| 100 | 0 | |a Tillard, Jean-Marie |e author |9 415393 | |
| 245 | 1 | 3 | |a Il vescovo di Roma |
| 300 | |a 214 p | ||
| 942 | |c BK | ||
| 945 | |d 19980721 00:00:00 |a mvenant | ||
| 260 | |a Brescia |b Queriniana |c 1985 | ||
| 650 | 7 | |a OBISPOS |2 CL-VaPUC |9 415394 | |
| 650 | 0 | |a Papas |9 258738 | |
| 650 | 0 | |a Magisterio |9 258739 | |
| 650 | 7 | |a DERECHO CANONICO |2 CL-VaPUC |9 415395 | |
| 651 | 0 | |a Roma |9 255106 | |
| 583 | |a last modification |c 19980721 00:00:00 |k Rodrigo Vera | ||
| 490 | 0 | |a <la >biblioteca di teologia contemporanea, 47 | |
| 999 | |c 272522 |d 272520 | ||
| 952 | |0 0 |1 0 |4 0 |6 262_130000000000000_TIL_1985 |7 0 |8 A |9 307584 |a BIBDER |b BIBDER |d 2019-11-20 |i 3436225 |o 262.13 TIL 1985 |p 3436225 |r 2023-01-25 |w 2019-11-20 |y BK |k DER | ||